|
|
|
|
| LEADER |
00000nam0a2200000 4500 |
| 001 |
100950 |
| 005 |
20231101214333.0 |
| 010 |
|
|
|a 5955702911
|
| 035 |
|
|
|a (RuTPU)RU\TPU\book\108664
|
| 090 |
|
|
|a 100950
|
| 100 |
|
|
|a 20060829d2006 km y0rusy50 ca
|
| 101 |
0 |
|
|a rus
|
| 102 |
|
|
|a RU
|
| 105 |
|
|
|a a z 001zy
|
| 200 |
1 |
|
|a Деньги и ценные бумаги: сущность и правовой режим
|f А. Ю. Грибов
|
| 210 |
|
|
|a Москва
|c РИОР
|d 2006
|
| 215 |
|
|
|a 192 с.
|c ил.
|
| 320 |
|
|
|a Библиогр.: с. 186-189.
|
| 330 |
|
|
|a В книге впервые в отечественной юридической науке проведено полное и всестороннее исследование фундаментальных проблем понимания и правового регулирование денег и ценных бумаг. Проблемы рассматриваются как с правовых, так и с экономических позиций с активным использованием исторического и сравнительно-правового материала. Для студентов высших учебных заведений, научных работников, юристов, экономистов, работников банковских и финансовых учреждений.
|
| 606 |
1 |
|
|a Финансовое право
|2 stltpush
|3 (RuTPU)RU\TPU\subj\63965
|9 80895
|
| 610 |
1 |
|
|a право
|
| 610 |
1 |
|
|a деньги
|
| 610 |
1 |
|
|a ценные бумаги
|
| 610 |
1 |
|
|a экономика
|
| 610 |
1 |
|
|a финансы
|
| 610 |
1 |
|
|a кредитные деньги
|
| 610 |
1 |
|
|a валюта
|
| 610 |
1 |
|
|a наличная валюта
|
| 610 |
1 |
|
|a квазиденьги
|
| 610 |
1 |
|
|a ошибки
|
| 686 |
|
|
|a Х622
|v LBC/SL-A
|2 rubbk
|
| 686 |
|
|
|a У9(2)26
|v LBC/SL-A
|2 rubbk
|
| 700 |
|
1 |
|a Грибов
|b А. Ю.
|g Андрей Юрьевич
|
| 801 |
|
1 |
|a RU
|b 63413507
|c 20060829
|g PSBO
|
| 801 |
|
2 |
|a RU
|b 63413507
|c 20230314
|g PSBO
|
| 942 |
|
|
|c BK
|
| 959 |
|
|
|a 73/20060825
|d 1
|e 150,00
|f ЧЗГЛ:1
|